000 00292nam a2200121Ia 4500
008 190216s9999||||xx |||||||||||||| ||und||
100 _aUmmer
245 0 _aYathravivaranam-Ittaliya Yathravivaranam
260 _bDc Books Kottayam
300 _a120
650 _aYathravivaranam
942 _cBK
999 _c27736
_d27736